Statistics for Top 20 actors of all time

Click here to take the quiz!

General Stats

  • This quiz has been taken 45 times
  • The average score is 14 of 20

Answer Stats

Country of BirthHintAnswer% Correct
USAReceived and oscar nomination every decade from 1960s to 2000s, along with Michael Caine. He is also the main character in 'The Shining'Jack Nicholson
95%
USAThis actor played Max Cady in the 1991 film 'Cape Fear'Robert De Niro
95%
USAThis actor had a career that spanned over 60 years, he played Don Vito Corleone in 'The Godfather'Marlon Brando
93%
USAHis most recent appearance in cinema was a Jimmy Hoffa in 'The Irishman'Al Pacino
88%
UKThis actor is known world-wide for his silent black and white films and his moustacheCharlie Chaplin
85%
USAOne of his roles was as a boxing trainer in 'Million Dollar Baby'. His surname starts with one of the four cardinal directionsClint Eastwood
83%
USAHis main character was an architect that wore a brown hat and carried a whip, he also played Han Solo in the 'Star Wars' filmsHarrison Ford
83%
USAOne of his known roles is of Nelson Mandela in the 2009 film 'Invictus'. His surname in latin is Liberum HominemMorgan Freeman
83%
USAThis actor commited suicide in 2014 at age 63. He played Alan Parrish, the main character in the 1995 'Jumanji'Robin Williams
83%
USAThis actor played Rick Blaine, the owner of a cafe in the classic film 'Casablanca' from 1942Humphrey Bogart
78%
USAHe acted in many western films, one of them being 'True Grit', where he played Rooster Cogburn a US Marshal. His nickname is 'The Duke'John Wayne
78%
USAHe plays Atticus Flinch, a lawyer in the film 'To Kill A Mockingbird'. He also stars alongside with Audrey Hepburn in 'Roman Holiday'Gregory Peck
70%
USAHe acts as an up-and-coming pool player that plays a long-time champion in a single high-stakes match in 'The Hustler'. His surname in spanish is Hombre NuevoPaul Newman
70%
USAHe acts in films like 'Raging Bull', 'Goodfellas', and he plays Russel Buffalino, one of the main 3 characters in 'The Irishman'Joe Pesci
65%
USAHis most recognised role is as George Bailey, in 'Its A Wonderful Life', directed by Frank CapraJames Stewart
58%
UKHe stars in films like 'Venom', 'Mad Max fury road', and plays a jewish gangster in the series 'Peaky Blinders'Tom Hardy
50%
USAOne of his main roles is Tony Soprano, a New Jersey mob boss, in the HBO series 'The Sopranos'James Gandolfini
40%
USAHe plays Peter in the film 'It Happened One Night' directed by Frank CapraClark Gable
38%
USAHe played Mr White / Larry in one of Quentin Tarantinos most famous films 'Reservoir Dogs'Harvey Keitel
15%
USAHe played Dave Boyle in 'Mystic River' and has won one oscar for best actor in a supporting role in 2004Tim Robins
10%

Score Distribution

Percentile by Number Answered

Percent of People with Each Score

Your Score History

You have not taken this quiz